000 01749nam a2200361 c 4500
003 BLK
005 20190909172540.0
008 180408b bul|||||r ||||||| ||bul||
010 _aKNG00055141000
040 _aBLK
041 _aBUL
_cBUL
080 _aХудожествена обработка на дърво - Обгаряне (пирография), мозайка (интарзия), стругуване, резбарство, лакиране (Палех, Холуй, Жостово, Мстера, Федоскин
_b745.51
_x
_z745.51
100 1 _aШеди, Вацлав
_eпърви автор
_9143046
700 1 _aКюркчиева, Маргарита Симеонова
_eпрев. от чеш.
_9283702
139 _aШеди, Вацлав
_bШ 47
245 1 0 _aХудожествено обработване на дървото
_bРъководство
_cВацлав Шеди; прев. от чеш. Маргарита Симеонова Кюркчиева.
257 _aCSK
260 София
_bТехника
_c1982
300 _a96 с.
_bс ил., 11 л. : ил.
_c30 см
380 _a7
500 _aОриг. загл. Prace s drevem / Vaclav Sedy. - 12 500 тир.
650 4 _aХудожествена обработка на дърво - наръчници и ръководства
_9283670
650 4 _aДърворезба - наръчници и ръководства
_9279066
653 _aдърворезба
653 _aдекоративно изкуство
653 _aприложни изкуства
653 _aръководства
852 _aЦб ІІ 6364
856 4 _qpdf
_u
856 4 _qpdf
_u
942 _cKNG
_n0
_01
944 _aCR
_c26.08.2005
_kНаталия_Медовщикова
944 _aED
_c06.03.2013
_k
999 _c51239
_d51239